| 000 | 00500nam a2200121Ia 4500 | ||
|---|---|---|---|
| 008 | 171212s9999 xx 000 0 und d | ||
| 020 | _a9780833078384 | ||
| 100 | _aChivvis, Christopher S.;Crane, Keith;Mandaville, Peter;Martini, Jeffrey | ||
| 245 |
_cChivvis, Christopher S.;Crane, Keith;Mandaville, Peter;Martini, Jeffrey _aLibya's Post-Qaddafi Transition _bThe Nation-Building Challenge |
||
| 260 |
_bRAND Corporation _c2012 |
||
| 650 | _aHistory | ||
| 856 | _uwww.jstor.org/stable/10.7249/j.ctt2jc9ck | ||
| 999 |
_c352271 _d352271 |
||